| 000 | 00667cam a22002291 4500 | ||
|---|---|---|---|
| 001 | ne 68002158 | ||
| 003 | DLC | ||
| 005 | 20260227111842.0 | ||
| 008 | 890228s1967 xx 000 0 ara | ||
| 010 | _ane 68002158 | ||
| 035 | _a(OCoLC)23493224 | ||
| 040 |
_aDLC _cMiU _dOCoLC _dDLC |
||
| 041 | 0 | _aengara | |
| 042 | _apremarc | ||
| 050 | 0 | 0 |
_aPJ6640 _b.S37 |
| 100 | 1 | _aal-Saʻrān, Ḥasan. | |
| 245 | 1 | 3 | _aal-Muṣṭalaḥ. |
| 260 | _c[1967] | ||
| 300 |
_a16, 495 p. _c25 cm. |
||
| 500 | _aAdded t. p.: al-Mustalah, English-Arabic dictionary of basic scientific and technical terms, by Hassan Assaran. | ||
| 650 | 0 |
_aEnglish language _xDictionaries _xArabic. |
|
| 999 |
_c50457 _d50457 |
||